| 000 | 00782nam a2200205 a 4500 | ||
|---|---|---|---|
| 999 |
_c1833 _d1833 |
||
| 003 | AR-BaISA | ||
| 005 | 20250701105705.0 | ||
| 007 | ta | ||
| 008 | 250701s2025 ag ||||f |||| 00| 0 spa d | ||
| 020 | _a9789870818731 | ||
| 040 |
_bspa _cAR-BaISA |
||
| 082 | 0 | 4 |
_222 _a327.101 C67 |
| 100 | 1 |
_92460 _aCosentino, Fabiana Silvia _eaut. |
|
| 245 | 1 | 0 |
_aSeñales geopolíticas de una Tercera Guerra Mundial / _cFabiana Silvia Cosentino |
| 260 |
_aBuenos Aires: _bDe los Cuatro Vientos, _c2025 |
||
| 300 | _a93 p. | ||
| 505 |
_tGeopolítica de la Inteligencia Artificial -- _tGeopolítica de las Tierras Raras -- _tGeopolítica de la demografía -- _tGeopolítica de la hegemonía mundial: todos los caminos conducen a China |
||
| 650 | 1 | 4 |
_93537 _aConflicto internacional |
| 942 |
_2ddc _cLI |
||